000 00318nam a2200157Ia 4500
008 210310s9999 xx 000 0 und d
020 _a#N/A
100 _a#N/A
_918116
245 0 _a#N/A
260 _c#N/A
300 _b#N/A
440 _a#N/A
_924232
500 _a#N/A
505 _a#N/A
650 _a#N/A
_924233
999 _c10973
_d10973